Miasta w kwadratach na mapie - Europa - Statystyki

Ogólne statystyki
  • Ten quiz został rozwiązany 11 684 razy
  • Średni wynik to 30 z 66
Odpowiedzi na mapie
Odpowiedzi zakodowano w zielono-czerwonej skali na mapie do tego quizu, zgodnie z poniższymi procentami.
 
Statystyki odpowiedzi
Miasto % Poprawnych
Warszawa
97%
Berlin
92%
Londyn
91%
Kraków
88%
Madryt
88%
Oslo
88%
Kijów
87%
Rzym
87%
Moskwa
86%
Praga
86%
Mińsk
82%
Wilno
82%
Ateny
81%
Barcelona
81%
Dublin
81%
Helsinki
81%
Lwów
79%
Ryga
78%
Bukareszt
75%
Kopenhaga
75%
Sztokholm
73%
Petersburg
70%
Wiedeń
68%
Hamburg
63%
Amsterdam
59%
Mediolan
59%
Monachium
57%
Rejkiawik
57%
Neapol
52%
Glasgow
51%
Marsylia
50%
Lyon
49%
Odessa
49%
Charków
48%
Birmingham
38%
Kolonia
38%
Sewilla
33%
Bergen
29%
Sewastopol
26%
Skopje
25%
Málaga
24%
Murmańsk
20%
Trondheim
20%
Rostów
19%
Kluż-Napoka
16%
Warna
16%
Dniepr
15%
Nantes
15%
Palma
14%
Århus
13%
Oulu
13%
Cagliari
12%
Saragossa
12%
Soczi
12%
Iraklion
11%
Niżny Nowogród
11%
Archangielsk
10%
Bristol
10%
Vigo
9%
Woroneż
7%
Briańsk
3%
Nowogród Wielki
3%
Riazań
3%
Tarent
3%
Jerez de la Frontera
2%
Pietrozawodsk
2%
Nie znaleziono quizów pasujących do podanych kryteriów
Rozkład punktacji
Procent ludzi z każdym wynikiem
Percentyl według liczby udzielonych odpowiedzi
Twoja historia wyników
Nie rozwiązałeś tego quizu